| 000 | 00429cam a2200181ua 4500 | ||
|---|---|---|---|
| 020 | _c25.00 | ||
| 041 |
_aeng _h |
||
| 082 |
_a535 _bPOW/PH |
||
| 100 | _aPowell, L.S . | ||
| 245 |
_aPhysics : Light, Vol 3 / _cL.S.Powell. _hTextual Documents |
||
| 250 |
_a1 / _b. |
||
| 260 |
_a : _bSir Isaac Pitman & Sons Ltd , _c1958. |
||
| 300 | _a252 ; . | ||
| 365 | _a25.00 | ||
| 504 | _a | ||
| 942 | _cBK | ||
| 999 |
_c1674 _d1674 |
||